LEADER 01089cam0 2200301 450 001 000003729 005 20090312132112.0 010 $a88-15-07594-1 100 $a20020325d2000----km-y0itay50------ba 101 0 $aita 102 $aIT 105 $ay-------001yy 200 1 $a<>politica comunitaria di coesione economica e sociale$fRosario Sapienza 210 $aBologna$cIl Mulino$dc2000 215 $a136 p.$d22 cm 225 2 $aCollana della Svimez 410 0$12001$aCollana della Svimez 500 10$a<>politica comunitaria di coesione economica e sociale$952329 610 1 $aProgrammi generali di assistenza 610 1 $aUnione europea$aIntegrazione economica e politica 610 1 $aComunità economica europea$aIntegrazione politica ed economica 676 $a337.142$v21$9Cooperazione economica. Unione europea 700 1$aSapienza,$bRosario$089267 801 0$aIT$bUNIPARTHENOPE$gRICA$2UNIMARC 912 $a000003729 951 $a911/14$b9689$cNAVA2$d20020325 996 $aPolitica comunitaria di coesione economica e sociale$952329 997 $aUNIPARTHENOPE LEADER 00875nam0 2200277 450 001 000002291 005 20090513142027.0 010 $a0-13-300625-5 100 $a20001218d1994----km-y0itay50------ba 101 0 $aeng 102 $aUS 200 1 $aCommunication systems engineering$fJohn G. Proakis, Masoud Salehi 210 $aEnglewood Cliffs$cPrentice-Hall International$d1994c 215 $aXIX, 889 p.$d24 cm 305 $aEdizione internazionale 451 0$1001000025733 610 1 $aTeoria dei segnali 610 1 $aTelecomunicazioni 676 $a621.382$v21$9INGEGNERIA DELLE COMUNICAZIONI 700 1$aProakis,$bJohn G.$03995 701 1$aSalehi,$bMasoud$027775 801 0$aIT$bUNIPARTHENOPE$gRICA$2UNIMARC 912 $a000002291 951 $cPIST$aP1 621-C/18$b33511$d20001219 996 $aCommunication systems engineering$943206 997 $aUNIPARTHENOPE